| 000 | 01111nam a2200289Ia 4500 | ||
|---|---|---|---|
| 003 | OSt | ||
| 005 | 20221005110618.0 | ||
| 006 | a|||||r|||| 00| 0 | ||
| 007 | ta | ||
| 008 | 221004b |||||||| |||| 00| 0 san d | ||
| 020 |
_a9788126340453 (hbk) _cINR 400.00 |
||
| 024 | _a36970 | ||
| 037 |
_bBW/1694, 15/03/2018, Bookwell _cTextual |
||
| 040 |
_aCRL _cCRL _bsan |
||
| 041 |
_2san _asan |
||
| 082 | _aDelta2:864, 152N7;Q7 | ||
| 100 | _aशास्त्री, नेमिचन्द्र, ले. | ||
| 245 | 0 | _aभारतीय ज्योतिष | |
| 246 | _aBhāratīya jyotiṣha | ||
| 250 | _a53 संस्करण | ||
| 260 |
_aनई दिल्ली _bभारतीय ज्ञानपीठ भारत _c2017 |
||
| 300 |
_a446पृ0 _ccm. |
||
| 490 | _aलोकोदय ग्रन्थमाला; 18 | ||
| 650 | _aज्योतिष शास्त्र | ||
| 942 |
_hDelta2:864, 152N7;Q7 _cTEXL _2cc |
||
| 999 |
_c1019344 _d1019344 |
||